Be Quick! 30 Second Version - Statistics

General Stats
  • This quiz has been taken 11 times
  • The average score is 21 of 26
Answer Stats
Hint Answer % Correct
Cable Cable
100%
Flower Flower
100%
Mount Mount
100%
Neon Neon
100%
Nice Nice
100%
Purple Purple
100%
Straw Straw
100%
Turtle Turtle
100%
Bath Bath
80%
Chip Chip
80%
Gel Gel
80%
Lace Lace
80%
Object Object
80%
Shoulder Shoulder
80%
Steam Steam
80%
Talk Talk
80%
Window Window
80%
Car Car
70%
Cherry Cherry
70%
Drama Drama
70%
Wilted Wilted
70%
Boil Boil
60%
Shout Shout
60%
Flight Flight
50%
Pie Pie
50%
Storm Storm
50%
No matching quizzes found
Score Distribution
Percent of People with Each Score
Percentile by Number Answered
Your Score History
You have not taken this quiz